<?xml version="1.0" encoding="UTF-8"?>
<record
    xmlns:xsi="http://www.w3.org/2001/XMLSchema-instance"
    xsi:schemaLocation="http://www.loc.gov/MARC21/slim http://www.loc.gov/standards/marcxml/schema/MARC21slim.xsd"
    xmlns="http://www.loc.gov/MARC21/slim">

  <leader>01267nam a22001457a 4500</leader>
  <controlfield tag="008">160705b        xxu||||| |||| 00| 0 eng d</controlfield>
  <datafield tag="020" ind1=" " ind2=" ">
    <subfield code="a">9781926649009</subfield>
  </datafield>
  <datafield tag="050" ind1=" " ind2=" ">
    <subfield code="a">REF</subfield>
  </datafield>
  <datafield tag="110" ind1=" " ind2=" ">
    <subfield code="a">Community Safety Net.</subfield>
  </datafield>
  <datafield tag="245" ind1=" " ind2=" ">
    <subfield code="a">Drug safety: smart choices for life. /</subfield>
    <subfield code="c">Community Safety Net.</subfield>
  </datafield>
  <datafield tag="260" ind1=" " ind2=" ">
    <subfield code="a">Pembina :</subfield>
    <subfield code="b">Community Safety Net Publications,</subfield>
    <subfield code="c">1993.</subfield>
  </datafield>
  <datafield tag="300" ind1=" " ind2=" ">
    <subfield code="a">145p. :</subfield>
    <subfield code="b">ill. ;</subfield>
    <subfield code="c">22 cm.</subfield>
    <subfield code="e">CD</subfield>
  </datafield>
  <datafield tag="505" ind1=" " ind2=" ">
    <subfield code="a">Contents: Introduction: The choice is yours -- Reality check -- It couldn't happen to me -- Just the facts: Tobacco -- Alcohol -- Hallucinogens -- Stimulants -- Narcotics -- Depressants -- Inhalants -- Steroids -- Strategies and tips for staying drug-free: Why do people start using drugs? -- How to say 'NO' -- Tricks of persuasion -- Independent thinking -- Alternative activities -- Positive peer pressure -- Conclusion: smart choices for life -- Parents' section: Keeping your kids off drugs -- Characteristics of drug-free kids -- The Power of example -- Let's make a deal -- The 'NO USE' rule -- Be prepared for anything -- The Warning signs of drug abuse -- The Effects of drug use -- Parent testimonials -- Where to get more help: Get the help you need -- Help in the US -- Help in Canada -- Graduation materials: Drug safety quiz. </subfield>
  </datafield>
  <datafield tag="942" ind1=" " ind2=" ">
    <subfield code="2">lcc</subfield>
    <subfield code="c">BK</subfield>
  </datafield>
  <datafield tag="999" ind1=" " ind2=" ">
    <subfield code="c">5950</subfield>
    <subfield code="d">13450</subfield>
  </datafield>
  <datafield tag="952" ind1=" " ind2=" ">
    <subfield code="0">0</subfield>
    <subfield code="1">0</subfield>
    <subfield code="2">lcc</subfield>
    <subfield code="4">0</subfield>
    <subfield code="7">0</subfield>
    <subfield code="a">WIUC-1</subfield>
    <subfield code="b">WIUC-1</subfield>
    <subfield code="c">NURS L.</subfield>
    <subfield code="d">2016-07-05</subfield>
    <subfield code="l">0</subfield>
    <subfield code="o">REF</subfield>
    <subfield code="p">NURS/072/16</subfield>
    <subfield code="r">2016-07-05 00:00:00</subfield>
    <subfield code="w">2016-07-05</subfield>
    <subfield code="y">BK</subfield>
  </datafield>
</record>
